00421 2200169 4500001002100000005001700021035002500038090001700063100001900080245004200099250001100141260003100152300002000183650002000203850001200223990001600235YOGYA00000000003305120150312092500.0 a0010-081400000032769 a633.58 Ger A aGERBONO, Anton aAneka Anyaman Bambuc/ GERBONO, Anton aCet. 5 aYogyakartabKanisiusc2005 a91 hlm.b20 cm. aKerajinan bambu aYOPDYOG a200-PK/B.05